U.S. States with the Most Counties - Statistics

General Stats
  • This quiz has been taken 90 times
  • The average score is 8 of 10
Answer Stats
# of Counties State % Correct
254 Texas
98%
100 North Carolina
86%
159 Georgia
83%
99 Iowa
81%
102 Illinois
80%
95 Tennessee
80%
133 Virginia
80%
120 Kentucky
78%
105 Kansas
77%
115 Missouri
77%
No matching quizzes found
Score Distribution
Percent of People with Each Score
Percentile by Number Answered
Your Score History
You have not taken this quiz